Amar a Jesús, amar al hermano

Guardat en:
Dades bibliogràfiques
Autor principal: Rahner, Karl (Autor)
Format: Llibre
Idioma:espanyol
Publicat: Santander Sal Terrae 1983
Col·lecció:Colección Alcance, 33
Matèries:
Etiquetes: Afegir etiqueta
Sense etiquetes, Sigues el primer a etiquetar aquest registre!

MARC

LEADER 00000nam a2200000 a 4500
001 UCX2555
003 CL-VaPUC
008 910621e19830000SP |||||||||||||||||spa|d
082 0 4 |a 232  |b RAH  |2 21 
100 0 |a Rahner, Karl  |e author  |9 314306 
245 1 0 |a Amar a Jesús, amar al hermano 
300 |a 151 p 
942 |c BK 
945 |d 19910621 00:00:00 
260 |a Santander  |b Sal Terrae  |c 1983 
600 0 |a Jesús  |9 313614 
583 |a last modification  |c 19910621 00:00:00  |k Rodrigo Vera 
490 0 |a Colección Alcance, 33 
999 |c 223548  |d 223546 
952 |0 0  |1 0  |4 0  |6 232_000000000000000_RAH_1983  |7 0  |8 A  |9 219464  |a BIBTEO  |b BIBTEO  |d 2019-11-15  |i 2881934  |l 2  |o 232 RAH 1983  |p 2881934  |r 2025-01-17  |s 2023-12-19  |w 2019-11-15  |y BK  |k ICR